[Event "Novi Sad Hotel Sajam op"]
[Site "Novi Sad"]
[Date "2015.10.29"]
[Round "5"]
[White "Lukajic, Bojan"]
[Black "Opacic, Alexandar"]
[Result "1/2-1/2"]
[WhiteElo "2141"]
[BlackElo "2053"]
[PlyCount "37"]
[EventDate "2015.10.26"]
[EventType "swiss"]
[EventRounds "9"]
[EventCountry "SRB"]
[SourceTitle "CBM 169 Extra"]
[Source "ChessBase"]
[SourceDate "2015.12.18"]
[SourceVersion "1"]
[SourceVersionDate "2015.12.18"]
[SourceQuality "1"]

1. e4 c5 2. Nf3 e6 3. d4 cxd4 4. Nxd4 Nc6 5. Nc3 Qc7 6. Be3 a6 7. Bd3 Nf6 8. 0-0 Nxd4 9. Bxd4 Bc5 10. Bxc5 Qxc5 11. Qd2 b5 12. Rfe1 e5 13. b4 Qxb4 14. a4 bxa4 15. Reb1 Qd6 16. Nxa4 0-0 17. Rb6 Qe7 18. c4 d6 19. f3 1/2-1/2

[Event "Vojvodina-ch 6th"]
[Site "Novi Sad"]
[Date "2015.07.26"]
[Round "3"]
[White "Lukajic, Bojan"]
[Black "Tancik, Kristijan"]
[Result "1/2-1/2"]
[WhiteElo "2142"]
[BlackElo "2279"]
[PlyCount "31"]
[EventDate "2015.07.25"]
[EventType "swiss"]
[EventRounds "9"]
[EventCountry "YUG"]
[SourceTitle "CBM 167 Extra"]
[Source "ChessBase"]
[SourceDate "2015.09.14"]
[SourceVersion "1"]
[SourceVersionDate "2015.09.14"]
[SourceQuality "1"]

1. e4 c5 2. Nf3 d6 3. d4 cxd4 4. Nxd4 Nf6 5. Nc3 Nc6 6. Bc4 Qb6 7. Nde2 e6 8. Be3 Qc7 9. 0-0 a6 10. Bb3 Be7 11. Kh1 b5 12. a3 Na5 13. f4 Bb7 14. Qd3 Nc4 15. Bd4 0-0 16. Bxc4 1/2-1/2

[Event "Novi Sad Vujovic Memorial IM"]
[Site "Novi Sad"]
[Date "2015.07.23"]
[Round "8"]
[White "Lukajic, Bojan"]
[Black "Kozhabekov, Adilkhan"]
[Result "0-1"]
[WhiteElo "2142"]
[BlackElo "2161"]
[PlyCount "72"]
[EventDate "2015.07.19"]
[EventType "tourn"]
[EventRounds "9"]
[EventCountry "SRB"]
[EventCategory "1"]
[SourceTitle "CBM 167 Extra"]
[Source "ChessBase"]
[SourceDate "2015.09.14"]
[SourceVersion "1"]
[SourceVersionDate "2015.09.14"]
[SourceQuality "1"]

1. e4 c5 2. Nf3 Nc6 3. d4 cxd4 4. Nxd4 Nf6 5. Nc3 d6 6. Bc4 Bd7 7. Be3 Rc8 8. Bb3 Qa5 9. Qd2 Ne5 10. f3 Nc4 11. Bxc4 Rxc4 12. Nb3 Qc7 13. g4 e6 14. 0-0-0 b5 15. e5 b4 16. exf6 bxc3 17. bxc3 gxf6 18. Bh6 Be7 19. Bg7 Rg8 20. Qh6 Rxc3 21. Rd2 d5 22. Qxh7 Ba3+ 23. Kb1 Rxg7 24. Qxg7 Rxf3 25. c3 Qxc3 26. Rc2 Qb4 27. Qh7 a5 28. Ka1 a4 29. Nd2 Rf2 30. Qd3 Bb5 31. Qe3 Re2 32. Qa7 Kf8 33. Rb1 Qf4 34. Rd1 Qe5+ 35. Kb1 Bd3 36. Qxa4 Qb2# 0-1

[Event "Novi Sad Vujovic Memorial IM"]
[Site "Novi Sad"]
[Date "2015.07.23"]
[Round "7"]
[White "Mikheev, Stanislav Valerievi"]
[Black "Lukajic, Bojan"]
[Result "1/2-1/2"]
[WhiteElo "2303"]
[BlackElo "2142"]
[PlyCount "21"]
[EventDate "2015.07.19"]
[EventType "tourn"]
[EventRounds "9"]
[EventCountry "SRB"]
[EventCategory "1"]
[SourceTitle "CBM 167 Extra"]
[Source "ChessBase"]
[SourceDate "2015.09.14"]
[SourceVersion "1"]
[SourceVersionDate "2015.09.14"]
[SourceQuality "1"]

1. e4 e5 2. Nf3 Nc6 3. Bb5 Nf6 4. 0-0 Nxe4 5. d4 Nd6 6. Bxc6 dxc6 7. dxe5 Nf5 8. Qxd8+ Kxd8 9. Nc3 h6 10. Rd1+ Ke8 11. h3 1/2-1/2

[Event "Novi Sad Winter op"]
[Site "Novi Sad"]
[Date "2014.01.15"]
[Round "9"]
[White "Lukajic, Bojan"]
[Black "Trajkovic, Aleksandar"]
[Result "0-1"]
[WhiteElo "2197"]
[BlackElo "2198"]
[PlyCount "84"]
[EventDate "2014.01.10"]
[EventType "swiss"]
[EventRounds "9"]
[EventCountry "SRB"]
[SourceTitle "CBM 158 Extra"]
[Source "ChessBase"]
[SourceDate "2014.02.28"]
[SourceVersion "1"]
[SourceVersionDate "2014.02.28"]
[SourceQuality "1"]

1. e4 d6 2. d4 Nf6 3. Nc3 g6 4. f3 Bg7 5. Be3 c6 6. Qd2 0-0 7. 0-0-0 b5 8. Kb1 a5 9. g4 a4 10. Nh3 b4 11. Ne2 b3 12. cxb3 axb3 13. a3 Nbd7 14. Nhf4 e5 15. dxe5 Nxe5 16. Ng1 Qe8 17. g5 Nh5 18. Nxh5 gxh5 19. Be2 d5 20. f4 Nc4 21. Bxc4 dxc4 22. e5 Bf5+ 23. Kc1 Be4 24. Ne2 Bxh1 25. Rxh1 Rd8 26. Qb4 Qe6 27. Qc5 Rd5 28. Qb4 Rd3 29. Bd2 Rfd8 30. Rd1 Qd5 31. Nc3 Qd4 32. Nb1 Qxf4 33. Re1 Rxd2 34. Nxd2 Bxe5 35. Rd1 Qd4 36. Qc3 Qxc3+ 37. bxc3 Bxc3 38. Nb1 Rxd1+ 39. Kxd1 Ba5 40. Nd2 Bxd2 41. Kxd2 Kf8 42. Kc3 Ke8 0-1

[Event "Novi Sad Winter op"]
[Site "Novi Sad"]
[Date "2014.01.13"]
[Round "6"]
[White "Lukajic, Bojan"]
[Black "Licina, Zoran"]
[Result "1/2-1/2"]
[WhiteElo "2197"]
[BlackElo "2233"]
[PlyCount "20"]
[EventDate "2014.01.10"]
[EventType "swiss"]
[EventRounds "9"]
[EventCountry "SRB"]
[SourceTitle "CBM 158 Extra"]
[Source "ChessBase"]
[SourceDate "2014.02.28"]
[SourceVersion "1"]
[SourceVersionDate "2014.02.28"]
[SourceQuality "1"]

1. d4 d5 2. g3 e6 3. Bg2 Nf6 4. Nf3 Be7 5. b3 0-0 6. Bb2 Ne4 7. 0-0 Nd7 8. Nbd2 f5 9. c4 c6 10. Qc2 Ndf6 1/2-1/2

[Event "Novi Sad Winter op"]
[Site "Novi Sad"]
[Date "2014.01.11"]
[Round "2"]
[White "Vlaovic, Djordje"]
[Black "Lukajic, Bojan"]
[Result "1/2-1/2"]
[WhiteElo "2132"]
[BlackElo "2197"]
[PlyCount "53"]
[EventDate "2014.01.10"]
[EventType "swiss"]
[EventRounds "9"]
[EventCountry "SRB"]
[SourceTitle "CBM 158 Extra"]
[Source "ChessBase"]
[SourceDate "2014.02.28"]
[SourceVersion "1"]
[SourceVersionDate "2014.02.28"]
[SourceQuality "1"]

1. e4 c5 2. Nf3 Nc6 3. d4 cxd4 4. Nxd4 Nf6 5. Nc3 e5 6. Ndb5 d6 7. Bg5 a6 8. Bxf6 gxf6 9. Na3 b5 10. Nd5 Bg7 11. Bd3 0-0 12. 0-0 Ne7 13. Nxe7+ Qxe7 14. c4 bxc4 15. Nxc4 f5 16. Re1 fxe4 17. Bxe4 Rb8 18. Qxd6 Qxd6 19. Nxd6 Rxb2 20. Bf5 Bxf5 21. Nxf5 Bf6 22. Kf1 h5 23. Re2 Rfb8 24. Rxb2 Rxb2 25. a4 Kh7 26. Ne3 e4 27. Rc1 1/2-1/2

[Event "Novi Sad Zanosh 2nd"]
[Site "Novi Sad"]
[Date "2013.10.23"]
[Round "4"]
[White "Lukajic, Bojan"]
[Black "Zlatanovic, Boroljub"]
[Result "0-1"]
[WhiteElo "2167"]
[BlackElo "2405"]
[PlyCount "42"]
[EventDate "2013.10.21"]
[EventType "tourn"]
[EventRounds "9"]
[EventCountry "SRB"]
[EventCategory "2"]
[SourceTitle "EXT 2014"]
[Source "ChessBase"]
[SourceDate "2013.11.20"]
[SourceVersion "1"]
[SourceVersionDate "2013.11.20"]
[SourceQuality "1"]

1. e4 e6 2. d4 d5 3. e5 b6 4. a4 c5 5. c3 Ne7 6. a5 Nec6 7. axb6 Qxb6 8. Nf3 a5 9. g3 h6 10. Bg2 Ba6 11. Na3 cxd4 12. cxd4 Bb4+ 13. Bd2 Nxd4 14. Bc3 Nxf3+ 15. Qxf3 Nc6 16. Kd1 Bxc3 17. Qxc3 Rc8 18. Nc2 Qxf2 19. Qd2 Qb6 20. Ne3 0-0 21. Bf1 Qb3+ 0-1

[Event "Novi Sad Zanosh 2nd"]
[Site "Novi Sad"]
[Date "2013.10.23"]
[Round "3"]
[White "Marholev, Dimitar"]
[Black "Lukajic, Bojan"]
[Result "0-1"]
[WhiteElo "2320"]
[BlackElo "2167"]
[PlyCount "72"]
[EventDate "2013.10.21"]
[EventType "tourn"]
[EventRounds "9"]
[EventCountry "SRB"]
[EventCategory "2"]
[SourceTitle "EXT 2014"]
[Source "ChessBase"]
[SourceDate "2013.11.20"]
[SourceVersion "1"]
[SourceVersionDate "2013.11.20"]
[SourceQuality "1"]

1. g3 Nf6 2. Bg2 g6 3. d4 Bg7 4. e4 d6 5. Ne2 0-0 6. 0-0 e5 7. h3 exd4 8. Nxd4 Re8 9. Nc3 Nbd7 10. a4 Nc5 11. Re1 h6 12. a5 a6 13. b3 Ne6 14. Nxe6 Bxe6 15. Bb2 Qd7 16. g4 g5 17. Qd2 Nh7 18. Rad1 h5 19. f3 Be5 20. Na4 Bg3 21. Qc3 f6 22. Re2 hxg4 23. hxg4 Qg7 24. Qb4 Nf8 25. Qxb7 Ng6 26. Bc1 Rab8 27. Qxa6 Re7 28. Be3 Qh6 29. Qa7 Rbe8 30. Bf2 Bh2+ 31. Kf1 Nf4 32. Red2 Nh3 33. Bxh3 Qxh3+ 34. Ke2 Bxg4 35. fxg4 Qxg4+ 36. Kd3 Qxe4+ 0-1

[Event "Vojvodina-ch 2nd"]
[Site "Novi Sad"]
[Date "2011.07.30"]
[Round "9"]
[White "Gazic, Josip"]
[Black "Lukajic, Bojan"]
[Result "1-0"]
[WhiteElo "2271"]
[BlackElo "2111"]
[PlyCount "87"]
[EventDate "2011.07.24"]
[EventType "swiss"]
[EventRounds "9"]
[EventCountry "SRB"]
[SourceTitle "CBM 143 Extra"]
[Source "ChessBase"]
[SourceDate "2011.08.29"]
[SourceVersion "1"]
[SourceVersionDate "2011.08.29"]
[SourceQuality "1"]

1. e4 c5 2. Nf3 Nc6 3. Bb5 g6 4. 0-0 Bg7 5. Nc3 e5 6. d3 Nge7 7. Bg5 0-0 8. Bc4 d6 9. Nd5 h6 10. Bh4 g5 11. Bg3 Bg4 12. Ne3 Bh5 13. h3 Nd4 14. Ng4 b5 15. Bb3 Nxb3 16. axb3 f5 17. exf5 Nxf5 18. Nfh2 Kh8 19. Ra6 Qc8 20. Qa1 Rf7 21. Ne3 Nxe3 22. fxe3 Rxf1+ 23. Nxf1 Qc7 24. e4 c4 25. bxc4 bxc4 26. Ne3 cxd3 27. cxd3 Be2 28. Nd5 Qc2 29. Rxa7 Rf8 30. Ra8 Bxd3 31. Rxf8+ Bxf8 32. Qa8 Qd1+ 33. Kh2 Qf1 34. Ne3 Qf7 35. Nf5 Qf6 36. Qd5 Bc2 37. b4 h5 38. b5 h4 39. Bf2 Qg6 40. b6 g4 41. b7 g3+ 42. Bxg3 hxg3+ 43. Nxg3 Qe8 44. Qc4 1-0

[Event "Subotica-ch"]
[Site "Subotica"]
[Date "2010.03.03"]
[Round "7"]
[White "Lukajic, Bojan"]
[Black "Pacal, Mihaly"]
[Result "0-1"]
[WhiteElo "2049"]
[BlackElo "2168"]
[PlyCount "77"]
[EventDate "2010.02.17"]
[EventType "swiss"]
[EventRounds "9"]
[EventCountry "SRB"]
[SourceTitle "EXT 2019"]
[Source "ChessBase"]
[SourceDate "2018.10.10"]
[SourceVersion "1"]
[SourceVersionDate "2018.10.10"]
[SourceQuality "1"]

1. e4 c5 2. Nf3 Nc6 3. d4 cxd4 4. Nxd4 Qc7 5. Nb5 Qb8 6. Bd3 a6 7. N5c3 e6 8. 0-0 Nf6 9. Be3 b5 10. Nd2 Be7 11. f4 d6 12. Qe2 0-0 13. g4 Re8 14. g5 Nd7 15. Rae1 Bb7 16. h4 Qd8 17. Qf2 Nc5 18. h5 Nb4 19. Rd1 Ncxd3 20. cxd3 Nxd3 21. Qe2 Nxb2 22. Rb1 Qc7 23. Rfc1 Nc4 24. Nxc4 bxc4 25. g6 Bf6 26. gxh7+ Kh8 27. h6 gxh6 28. Qh5 Bg7 29. f5 exf5 30. Bxh6 Bd4+ 31. Kh2 Bxe4 32. Rg1 d5+ 33. Kh3 Re6 34. Ne2 Bf3 35. Qg5 Bg4+ 36. Rxg4 fxg4+ 37. Kg2 Rxe2+ 38. Kf1 Rf2+ 39. Ke1 0-1

[Event "Subotica-ch"]
[Site "Subotica"]
[Date "2010.02.19"]
[Round "2"]
[White "Lukajic, Bojan"]
[Black "Petrekanovic, Miroslav"]
[Result "0-1"]
[WhiteElo "2049"]
[BlackElo "2146"]
[PlyCount "98"]
[EventDate "2010.02.17"]
[EventType "swiss"]
[EventRounds "9"]
[EventCountry "SRB"]
[SourceTitle "EXT 2019"]
[Source "ChessBase"]
[SourceDate "2018.10.10"]
[SourceVersion "1"]
[SourceVersionDate "2018.10.10"]
[SourceQuality "1"]

1. e4 e5 2. Nf3 Nc6 3. Bc4 Bc5 4. b4 Bb6 5. a4 a6 6. Nc3 Nf6 7. Nd5 Nxd5 8. exd5 Nd4 9. Nxd4 Bxd4 10. c3 Bxf2+ 11. Kxf2 Qh4+ 12. g3 Qxc4 13. d6 0-0 14. d3 Qxc3 15. Be3 Qb2+ 16. Bd2 Qd4+ 17. Be3 Qxd6 18. Qf3 Qxd3 19. Rhd1 Qg6 20. Rac1 d6 21. Rd2 c6 22. Kg1 Bg4 23. Qg2 d5 24. Bc5 Rfe8 25. h3 Bf5 26. g4 Be4 27. Qg3 f5 28. Kh2 Qg5 29. Rcd1 h5 30. gxh5 Qxg3+ 31. Kxg3 f4+ 32. Kf2 Bf5 33. Rg1 Rad8 34. Rg5 Bh7 35. Rd1 Bc2 36. Rdg1 Rd7 37. h6 g6 38. h4 Rh7 39. h5 Rxh6 40. hxg6 Re6 41. g7 Rhg6 42. Bf8 Rxg5 43. Rxg5 d4 44. a5 Bh7 45. Bc5 d3 46. Ke1 e4 47. Rg4 e3 48. Bd4 d2+ 49. Ke2 Bd3+ 0-1

[Event "Belgrade-ch"]
[Site "Belgrade"]
[Date "2010.01.29"]
[Round "7"]
[White "Rajcevic, Stevan"]
[Black "Lukajic, Bojan"]
[Result "1-0"]
[WhiteElo "2158"]
[BlackElo "2049"]
[PlyCount "95"]
[EventDate "2010.01.23"]
[EventType "swiss"]
[EventRounds "9"]
[EventCountry "YUG"]
[SourceTitle "CBM 134 Extra"]
[Source "ChessBase"]
[SourceDate "2010.03.03"]
[SourceVersion "1"]
[SourceVersionDate "2010.03.03"]
[SourceQuality "1"]

1. d4 Nf6 2. c4 g6 3. Nc3 Bg7 4. e4 d6 5. Nf3 0-0 6. h3 e5 7. d5 Ne8 8. Bd3 f5 9. Bg5 Nf6 10. Qc2 Na6 11. Qe2 h6 12. Bxf6 Qxf6 13. a3 Nc5 14. Bc2 a5 15. Nd2 a4 16. 0-0-0 Bd7 17. f3 Ra5 18. g4 Rb8 19. gxf5 gxf5 20. Rdg1 b5 21. Rg2 Kf7 22. Rhg1 Bf8 23. Rg6 Qh4 24. Qg2 Qh5 25. Rg8 f4 26. Rh8 Qg5 27. Qf2 Qf6 28. Rh7+ Ke8 29. Nxb5 Bxb5 30. cxb5 Raxb5 31. Nc4 Kd8 32. Rg8 Kc8 33. Rhh8 Kb7 34. Qd2 Ka6 35. h4 Rd8 36. Qd1 Nb3+ 37. Kb1 Be7 38. Nd2 Kb7 39. Nxb3 axb3 40. Bxb3 Qxh4 41. Ba4 Rb6 42. Bc6+ Ka7 43. Rxd8 Bxd8 44. b4 Ra6 45. Qg1+ Kb8 46. a4 h5 47. Qf1 Ka7 48. a5 1-0

[Event "Belgrade-ch"]
[Site "Belgrade"]
[Date "2010.01.27"]
[Round "5"]
[White "Srdic, Danilo"]
[Black "Lukajic, Bojan"]
[Result "0-1"]
[WhiteElo "2225"]
[BlackElo "2049"]
[PlyCount "62"]
[EventDate "2010.01.23"]
[EventType "swiss"]
[EventRounds "9"]
[EventCountry "YUG"]
[SourceTitle "CBM 134 Extra"]
[Source "ChessBase"]
[SourceDate "2010.03.03"]
[SourceVersion "1"]
[SourceVersionDate "2010.03.03"]
[SourceQuality "1"]

1. e4 c5 2. Nf3 Nc6 3. d4 cxd4 4. Nxd4 Nf6 5. Nc3 e5 6. Ndb5 d6 7. Bg5 a6 8. Na3 b5 9. Nd5 Be7 10. Bxf6 Bxf6 11. c4 0-0 12. cxb5 Nd4 13. bxa6 Bg5 14. Nc2 Be6 15. b4 Bxd5 16. Nxd4 Bxe4 17. Nf3 Bxf3 18. Qxf3 e4 19. Qb3 e3 20. f3 Bh4+ 21. g3 Qf6 22. 0-0-0 Qxf3 23. gxh4 Qxh1 24. Qxe3 Qxh2 25. Qd2 Qxh4 26. b5 Rfc8+ 27. Kb1 Rcb8 28. Ka1 h6 29. Qd4 Qh5 30. Qd5 Qh2 31. b6 Qg3 0-1

[Event "Belgrade-ch"]
[Site "Belgrade"]
[Date "2010.01.24"]
[Round "2"]
[White "Markovic, Aleksandar"]
[Black "Lukajic, Bojan"]
[Result "0-1"]
[WhiteElo "1745"]
[BlackElo "2049"]
[PlyCount "86"]
[EventDate "2010.01.23"]
[EventType "swiss"]
[EventRounds "9"]
[EventCountry "YUG"]
[SourceTitle "CBM 134 Extra"]
[Source "ChessBase"]
[SourceDate "2010.03.03"]
[SourceVersion "1"]
[SourceVersionDate "2010.03.03"]
[SourceQuality "1"]

1. e4 c5 2. Nf3 Nc6 3. d4 cxd4 4. Nxd4 Nf6 5. Nc3 e5 6. Ndb5 d6 7. Bg5 a6 8. Na3 b5 9. Nd5 Be7 10. Nxe7 Nxe7 11. Bd3 Ng6 12. c4 h6 13. Bd2 0-0 14. 0-0 Bb7 15. Qe2 b4 16. Nc2 a5 17. f3 Rc8 18. g3 Nd7 19. Ne3 Qb6 20. Kg2 Ne7 21. b3 Nc5 22. Bc2 Ne6 23. Nd5 Bxd5 24. exd5 Nxd5 25. Qd3 Nf6 26. Be3 Qc7 27. Rad1 d5 28. Rc1 d4 29. Bd2 Rfe8 30. Qf5 Rcd8 31. Rfe1 d3 32. Bxd3 Nc5 33. Bxh6 gxh6 34. Qxf6 Rxd3 35. Qxh6 Rd6 36. Qg5+ Rg6 37. Qe3 e4 38. fxe4 Rxe4 39. Qd2 Qe7 40. Rcd1 Nd3 41. Rxe4 Qxe4+ 42. Kg1 Nf4 43. Qd8+ Kg7 0-1

[Event "Serbian New Year"]
[Site "Novi Sad"]
[Date "2009.01.18"]
[Round "5"]
[White "Ilic, Slobodan R"]
[Black "Lukajic, Bojan"]
[Result "0-1"]
[WhiteElo "2114"]
[BlackElo "2016"]
[PlyCount "55"]
[EventDate "2009.01.16"]
[EventType "swiss"]
[EventRounds "5"]
[EventCountry "SRB"]
[SourceTitle "EXT 2019"]
[Source "ChessBase"]
[SourceDate "2018.10.10"]
[SourceVersion "1"]
[SourceVersionDate "2018.10.10"]
[SourceQuality "1"]

1. e4 c5 2. Nf3 Nc6 3. d4 cxd4 4. Nxd4 Nf6 5. Nc3 e5 6. Ndb5 d6 7. Bg5 a6 8. Na3 b5 9. Nd5 Be7 10. Nxe7 Qxe7 11. c3 h6 12. Bxf6 Qxf6 13. Be2 0-0 14. 0-0 Bb7 15. Nc2 Rad8 16. a4 Ne7 17. axb5 axb5 18. Bxb5 Bxe4 19. Bd3 Ba8 20. Qg4 g6 21. Ne3 h5 22. Qg3 Bc6 23. Ra6 e4 24. Bc4 Ra8 25. Rfa1 Rxa6 26. Rxa6 Ra8 27. Rxa8+ Bxa8 28. h4 0-1

[Event "Serbian New Year"]
[Site "Novi Sad"]
[Date "2009.01.17"]
[Round "2"]
[White "Lukajic, Bojan"]
[Black "Ilijc, Milan"]
[Result "1-0"]
[WhiteElo "2016"]
[BlackElo "2220"]
[PlyCount "97"]
[EventDate "2009.01.16"]
[EventType "swiss"]
[EventRounds "5"]
[EventCountry "SRB"]
[SourceTitle "EXT 2019"]
[Source "ChessBase"]
[SourceDate "2018.10.10"]
[SourceVersion "1"]
[SourceVersionDate "2018.10.10"]
[SourceQuality "1"]

1. e4 d6 2. d4 Nf6 3. Nc3 g6 4. Bg5 Bg7 5. Qd2 h6 6. Bxf6 Bxf6 7. 0-0-0 c6 8. f4 Be6 9. g4 Bxg4 10. Be2 Be6 11. Bf3 Qa5 12. Kb1 Bg7 13. h4 b5 14. a3 h5 15. Nh3 b4 16. Ne2 Na6 17. Ng5 Bd7 18. e5 d5 19. e6 Bxe6 20. Nxe6 fxe6 21. Rhg1 Bf6 22. Rxg6 Rb8 23. f5 exf5 24. Nf4 Kd7 25. Nxh5 Rhf8 26. Nxf6+ Rxf6 27. Rxf6 exf6 28. Rg1 Re8 29. Rg7+ Re7 30. Rxe7+ Kxe7 31. h5 Qb6 32. h6 bxa3 33. b3 Kf8 34. Bh5 Qd8 35. Qe1 Nc7 36. Qg3 Qe7 37. Qg6 Qe1+ 38. Ka2 Ke7 39. Qf7+ Kd6 40. Qxf6+ Kd7 41. Qxf5+ Ne6 42. Bf7 Qc1 43. Qxe6+ Kc7 44. Qe7+ Kb6 45. Qb4+ Kc7 46. Qxa3 Qxc2+ 47. Qb2 Qd3 48. Qh2+ Kd7 49. h7 1-0